| 000 | 00986nam a2200289 a 4500 | ||
|---|---|---|---|
| 001 | 000046373 | ||
| 005 | 20260304094324.0 | ||
| 008 | 150805s2000 dr 000 0 spa d | ||
| 040 |
_aDO-SdBNP _bspa _cBNPHU |
||
| 082 |
_axxxx _bxxxx |
||
| 245 | 0 | 0 |
_aGlobalización neoliberal y neo imperialismo. / _cselección de articulos Daniel Bensaid...[et.al]. |
| 260 |
_aSanto Domingo; : _bCaribe soy, _c2000. |
||
| 300 |
_a132 p. ; _c21 cm. |
||
| 490 | 0 |
_aCaribe soy _v4 |
|
| 590 | _aPerteneció a la biblioteca personal de Chiqui Vicioso/Fidelio Despradel | ||
| 700 | 1 | 2 |
_aBensaid, Daniel _974398 |
| 700 | 1 | 2 |
_aAnderson, Perry _970998 |
| 700 | 1 | 2 |
_aMarcos _974399 |
| 700 | 1 | 2 |
_aIsa Conde, Narciso, _d1942- _912387 |
| 700 | 1 | 2 |
_aAcevedo, Juan Antonio _974400 |
| 700 | 1 | 2 |
_aUgarteche, Oscar _974401 |
| 700 | 1 | 2 |
_aBen-Ami, Shlomo _968217 |
| 700 | 1 | 2 |
_aGaleano, Eduardo _961757 |
| 700 | 1 | 2 |
_aGuston, Philip _974402 |
| 700 | 1 | 2 |
_aPeix, Pedro _d1952-2015 _925675 |
| 830 | 0 |
_aCaribe soy _n4 _974403 |
|
| 999 |
_c45862 _d45862 |
||